Music Quiz

Random Music Quiz
Score 0/283 Timer 06:00
0 Plays Today
% Correct
a
99.6%
a
99.6%
a
99.6%
a
99.6%
a
99.6%
a
99.6%
a
99.6%
A
99.6%
a
99.6%
a
99.6%
a
99.6%
a
99.6%
a
99.6%
a
99.6%
a
99.6%
You
99.4%
you
99.4%
You
99.4%
you
99.4%
You
99.4%
you
99.4%
You
99.4%
You
99.4%
you
99.4%
You
99.4%
you
99.4%
You
99.4%
You
99.4%
You
99.4%
you
99.4%
You
99.4%
You
99.4%
you
99.4%
You
99.4%
You
99.4%
You
99.4%
You
99.4%
You
99.4%
You
99.4%
You
99.4%
You
99.4%
love
99.1%
love
99.1%
love
99.1%
love
99.1%
love,
99.1%
love
99.1%
love
99.1%
love,
99.1%
love
99.1%
love
99.1%
love
99.1%
love
99.1%
love
99.1%
love
99.1%
love
99.1%
love
99.1%
love
99.1%
love
99.1%
love
99.1%
bad
98.8%
bad
98.8%
bad
98.8%
bad
98.8%
bad
98.8%
bad
98.8%
bad
98.8%
bad
98.8%
bad
98.8%
bad
98.8%
bad
98.8%
bad
98.8%
bad
98.8%
bad
98.8%
bad
98.8%
bad
98.8%
bad
98.8%
bad
98.8%
bad
98.8%
bad
98.8%
give
98.7%
give
98.7%
give
98.7%
give
98.7%
give
98.7%
give
98.7%
give
98.7%
give
98.7%
give
98.7%
give
98.7%
give
98.7%
give
98.7%
give
98.7%
give
98.7%
give
98.7%
% Correct
give
98.7%
give
98.7%
give
98.7%
name
98.7%
name,
98.7%
name
98.7%
name,
98.7%
name
98.7%
name
98.7%
name,
98.7%
name
98.7%
name,
98.7%
name
98.7%
name
98.7%
name,
98.7%
name
98.7%
name,
98.7%
name
98.7%
name,
98.7%
name
98.7%
name
98.7%
name
98.7%
name
98.7%
the
97.5%
The
97.5%
the
97.5%
The
97.5%
the
97.5%
the
97.5%
the
97.5%
And
97%
And
97%
and
97%
And
97%
and
97%
And
97%
and
97%
And
97%
and
97%
your
96.6%
your
96.6%
your
96.6%
your
96.6%
Your
96.6%
your
96.6%
your
96.6%
your
96.6%
your
96.6%
to
96.5%
to
96.5%
to
96.5%
to
96.5%
to
96.5%
to
96.5%
to
96.5%
An
96%
heart
95.1%
heart
95.1%
heart
95.1%
heart
95.1%
heart
95.1%
you're
93.9%
you're
93.9%
you're
93.9%
you're
93.9%
you're
93.9%
you're
93.9%
you're
93.9%
Shot
93.7%
Shot
93.7%
Shot
93.7%
Shot
93.7%
Shot
93.7%
through
92.8%
through
92.8%
through
92.8%
I
92.8%
through
92.8%
I
92.8%
through
92.8%
I
92.8%
through
92.8%
I
92.8%
blame
92.6%
blame
92.6%
blame
92.6%
blame
92.6%
blame
92.6%
me
86.4%
me
86.4%
me
86.4%
me
86.4%
me
86.4%
on
85.4%
on
85.4%
% Correct
on
85.4%
is
85%
is
85%
is
85%
Darlin'
81.2%
what
80.3%
my
79%
my
79%
my
79%
my
79%
put
78.9%
hell
78.7%
No
78.6%
No
78.6%
play
78.3%
play
78.3%
play
78.3%
play
78.3%
play
78.3%
play
78.3%
play
78.3%
play
78.3%
heaven,
77.9%
game
77.9%
game
77.9%
game
77.9%
game
77.9%
can
77.4%
can
77.4%
promise
76.2%
smile
75.8%
smile
75.8%
angel's
74.2%
part
72.2%
part
72.2%
part
72.2%
part
72.2%
gun,
72.1%
gun
72.1%
one
72.1%
one
72.1%
done
71.9%
done
71.9%
Oh,
71.7%
Oh,
71.7%
Oh,
71.7%
Oh,
71.7%
oh! (guitar solo)
71.7%
Oh!
71.7%
loaded
71.5%
loaded
71.5%
got
70.7%
damage
70.4%
damage
70.4%
can't
70%
run
69.7%
run
69.7%
there's
69.5%
there's
69.5%
then
69.3%
save
68.8%
save
68.8%
hold
68.7%
so
68.6%
kiss
67.8%
kiss
67.8%
break
67.4%
free
67.4%
nowhere
67.1%
fingertips
67.1%
nowhere
67.1%
first
66.2%
first
66.2%
goodbye
66.1%
was
65.5%
lips
65%
nails
65%
red
64.6%
of
64.4%
Blood
63.5%
prison,
63.1%
very
62.3%
act
60.1%
shy
59.3%
school
58.9%
dream,
58.5%
boy's
58.1%
sell
56.5%
When
55.2%
yeah
49.8%
Chains
49.2%
passions
45.6%
Paint
43.2%
Remove Ads.
Support Sporcle.
Get the best of Sporcle when you Go Orange. This ad-free experience offers more features, more stats, and more fun while also helping to support Sporcle. Thank you for becoming a member.

You're not logged in!

Compare scores with friends on all Sporcle quizzes.
OR
Log In

Show Comments

Extras

Created Jul 10, 2012SourceReportNominate
Tags:bon, Love

Top Quizzes Today


Score Distribution

Your Account Isn't Verified!

In order to create a playlist on Sporcle, you need to verify the email address you used during registration. Go to your Sporcle Settings to finish the process.

Report this User

Report this user for behavior that violates our Community Guidelines.

Details: